000 00773ntaaa2200217 4500
003 01
005 20251027201521.0
008 0714s1973 ag 01
040 _aAR-BaBN
_bspa
_cAR-BaBN
_eaacr
_dRIC
082 _a039.4924 Sa4
245 _aEncyclopaediac Dictionary of the Talmud
250 _a1 ed.
260 _as.l :
_bEshkolon,
_c1955
300 _a359 p
500 _aContiene el vocabulario y realia del Talmud Babilónico y del Palestinense (Yerushalmi), de la literatura Midrásica, de los targúmenes, los Zohar, los Geominis, los Papiros y los Paitanim. En hebreo
650 _aEnciclopedia
_94912
650 _aJudios-Diccionario Enciclopedico
_913694
650 _aDiccionario Enciclopedico-Hebreo
_913695
700 _aSambatyon, Moshe
_913696
942 _cBK
999 _c9713
_d9713